000 00878cam a22002893a 4500
001 20862
003 PGUSA
005 20140828083438.0
008 070320s2007||||xxu|||||s|||||000 1 eng d
040 _aPGUSA
_beng
042 _adc
050 4 _aPZ
100 1 _aBarnett, Evelyn Snead
245 1 0 _aJerry's Reward
_h[electronic resource] /
_cEvelyn Snead Barnett
260 _bProject Gutenberg,
_c2007
506 _aPublic domain in the USA.
516 _aElectronic text
653 _aPoor -- Juvenile fiction
653 _aConduct of life -- Juvenile fiction
653 _aCity and town life -- Juvenile fiction
653 _aChildren -- Juvenile fiction
653 _aInvalids -- Fiction
700 1 _aBarry, Etheldred B.
_q(Etheldred Breeze),
_d1870-
830 0 _aProject Gutenberg
_v20862
856 4 0 _uhttp://www.gutenberg.org/ebooks/20862
942 _cEB
999 _c250117
_d250117